| 000 | 01066nas a2200373 4500 | ||
|---|---|---|---|
| 001 | BR9903146 | ||
| 003 | BR-BrBNA | ||
| 005 | 20231205101448.0 | ||
| 007 | ta | ||
| 008 | 230509b bl.|||p| |||| 00| 00por d | ||
| 040 |
_aBR-BrBNA _bpor _cBiblioteca Nacional de Agricultura |
||
| 041 | _a(Pt) | ||
| 072 | _aH20 | ||
| 100 | 1 | _aHandel, C.L. | |
| 100 | 1 | _aMilach, S.C.K. | |
| 100 | 1 | _aFederizzi, L.C. | |
| 100 | 1 | _aBarbieri, R.L. | |
| 100 | 1 | _aBered, F. | |
| 100 | 1 | _aDornelles, A.L.C. | |
| 245 | 1 | _aUtilizacao do inseticida methomyl na selecao de genotipos de aveia resistentes a helmintosporiose | |
| 650 | _aAveia | ||
| 650 | _aHelmintosporiose | ||
| 650 | _aInseticida | ||
| 650 | _aVariedade Resistente | ||
| 650 | _aSelecao Genotipa | ||
| 650 | _aGrao | ||
| 650 | _aRendimento | ||
| 650 | _aRio Grande do Sul | ||
| 650 | _aSanta Catarina | ||
| 650 | _aPARANÁ | ||
| 773 | 0 |
_tCiencia Rural (Brazil) _xISSN 0103-8478 _g(May-Jun 1999), v. 29(2) p. 199-205 _wBR9903146 |
|
| 909 |
_a202311 _bLúcia _c55 _dLúcia Elande |
||
| 942 |
_2AGRIS _n0 _cANA |
||
| 999 |
_c162008 _d162008 |
||